000 00404nam a2200145Ia 4500
008 100122s9999 xx 000 0 und d
082 _b5272
_a80
100 _aभावे पु भा
245 _aरक्त आणि अश्रू
260 _c1924
300 _a60
630 _aरक्त आणि अश्रू
730 _aरक्त आणि अश्रू
942 _cBOOK
999 _c398602
_d398599